| 000 | 01599cam a22003858a 4500 | ||
|---|---|---|---|
| 001 | 16012431 | ||
| 003 | OSt | ||
| 005 | 20210916121738.0 | ||
| 008 | 091208s2010 nyua 000 0 eng | ||
| 010 | _a 2009049167 | ||
| 020 | _a9780071321266 | ||
| 038 | _akhadija | ||
| 040 |
_aDLC _cDLC _dDLC |
||
| 050 | 0 | 0 |
_aQA303.2 _b.W74 2010 |
| 082 | 0 | 0 |
_a515 _222 _bWRE |
| 100 | 1 |
_aWrede, Robert C. _969300 |
|
| 245 | 1 | 0 |
_aSchaum's outline of advanced calculus / _cRobert Wrede, Murray R. Spiegel. |
| 246 | 3 | 0 | _aAdvanced calculus |
| 250 | _a3rd ed | ||
| 260 |
_aNew York : _bMcGraw-Hill, _cc2010. |
||
| 300 |
_aix, 445 p. : _bill. ; _c28 cm. |
||
| 490 | 0 | _aSchaum's outline series | |
| 500 | _aRev. ed. of: Schaum's outline of theory and problems of advanced calculus. 2nd ed. c2002. | ||
| 563 | _apaperback | ||
| 650 | 0 |
_aCalculus _vOutlines, syllabi, etc. _982502 |
|
| 650 | 0 |
_aCalculus _vProblems, exercises, etc. _982503 |
|
| 700 | 1 |
_aSpiegel, Murray R. _951 |
|
| 700 | 1 |
_aWrede, Robert C. _tSchaum's outline of theory and problems of advanced calculus. _982504 |
|
| 856 | 4 | 2 |
_3Contributor biographical information _uhttp://www.loc.gov/catdir/enhancements/fy1003/2009049167-b.html |
| 856 | 4 | 2 |
_3Publisher description _uhttp://www.loc.gov/catdir/enhancements/fy1003/2009049167-d.html |
| 856 | 4 | 1 |
_3Table of contents only _uhttp://www.loc.gov/catdir/enhancements/fy1003/2009049167-t.html |
| 906 |
_a7 _bcbc _corignew _d1 _eecip _f20 _gy-gencatlg |
||
| 942 |
_2ddc _cBK |
||
| 999 |
_c32842 _d32842 |
||